Catàleg del Col·legi de Periodistes de Catalunya

Els Ponts trencats (Registre núm. 7010)

000 -CABECERA
Longitud fija campo de control 00778nam a22002417a 4500
003 - IDENTIFICADOR DEL NÚMERO DE CONTROL
Identificador del número de control OSt
005 - FECHA Y HORA DE LA ÚLTIMA TRANSACCIÓN
Fecha y hora de la última transacción 20170328111613.0
008 - CÓDIGOS DE INFORMACIÓN DE LONGITUD FIJA
Códigos de información de longitud fija 170328s2017 spc 001 0acat|
017 ## - NÚMERO DE COPYRIGHT O DE DEPÓSITO LEGAL
Número de copyright o de depósito legal DL B 28039-2015
Agencia que asigna el número Biblioteca de Catalunya
020 ## - NÚMERO INTERNACIONAL NORMALIZADO PARA LIBROS
Número Internacional Normalizado para Libros (ISBN) 9788498093063
040 ## - FUENTE DE LA CATALOGACIÓN
Centro catalogador de origen ES-BaBC
Lengua de catalogación cat
Centro transcriptor CDMR
100 1# - PUNTO DE ACCESO PRINCIPAL-NOMBRE DE PERSONA
Nombre de persona Milián Mestre, Manuel
245 14 - MENCIÓN DE TÍTULO
Título Els Ponts trencats
Mención de responsabilidad, etc. / Manuel Milián Mestre
260 ## - PUBLICACIÓN, DISTRIBUCIÓN, ETC. (PIE DE IMPRENTA)
Lugar de publicación, distribución, etc. Barcelona :
Nombre del editor, distribuidor, etc. Edicions 62,
Fecha de publicación, distribución, etc. 2017
300 ## - DESCRIPCIÓN FÍSICA
Extensión 570 p. ;
Dimensiones 19 cm
500 ## - NOTA GENERAL
Nota general dedicatòria de l'autor
504 ## - NOTA DE BIBLIOGRAFÍA, ETC
Nota de bibliografía, etc. Index
600 17 - PUNTO DE ACCESO ADICIONAL DE MATERIA - NOMBRE DE PERSONA
Nombre de persona Milián Mestre, Manuel
Subdivisión de materia general (R ) Punts de vista polítics i socials
Fuente de encabezamiento o te&ecute,rmino lemac
650 07 - PUNTO DE ACCESO ADICIONAL DE MATERIA - TÉRMINO DE MATERIA
Término de materia o nombre geográfico como elemento inicial Nacionalisme
Subdivisión geográfica Catalunya
Fuente del encabezamiento o término lemac
9 (RLIN) 3379
651 #7 - PUNTO DE ACCESO ADICIONAL DE MATERIA - NOMBRE GEOGRÁFICO
Nombre geográfico Catalunya
Subdivisión de materia general Relacions
Subdivisión geográfica Espanya
Fuente del encabezamiento o término lemac
651 #7 - PUNTO DE ACCESO ADICIONAL DE MATERIA - NOMBRE GEOGRÁFICO
Nombre geográfico Espanya
Subdivisión de materia general Política i govern
Subdivisión cronológica 1975
942 ## - ENTRADA DE ELEMENTOS AGREGADOS (KOHA)
Koha [por defecto] tipo de item Monografies
Fuente de clasificaión o esquema
Fons
Suprimido Perdido Estropeado No para préstamo Localización permanente Localización actual Fecha adquisición Fuente de adquisición Coste, precio normal de compra Préstamos totales Signatura completa Código de barras Fecha última consulta Coste, precio reemplazado Fecha del precio de reemplazo Tipo de item de Koha
        Centre de Documentació Montserrat Roig Centre de Documentació Montserrat Roig 2017-03-28 Donació 10.95   Du 1/112 CDMR17030011 2017-03-28 10.95 2017-03-28 Monografies

Implantat amb Koha